| 000 | 00547nam a2200193Ia 4500 | ||
|---|---|---|---|
| 008 | 180628s9999 xx 000 0 und d | ||
| 020 | _a978-0-14-310639-5 | ||
| 050 | _aFIL PQ 8897 | ||
| 050 | _b.R59E4 2011 | ||
| 100 | _aRizal, Jose. | ||
| 245 | 0 | _aEl Filibusterismo / | |
| 245 | 0 | _cJose Rizal; translated [from the Spanish] with an introduction and notes by Harold Augenbraum. | |
| 260 | _aNew York : | ||
| 260 | _bPenguin Group, | ||
| 260 | _c2011 | ||
| 300 | _a339 pages : | ||
| 300 | _c20 cm. | ||
| 650 | _aPhilippines -- Fiction. | ||
| 999 |
_c358127 _d358127 |
||